000 00485nam a2200157 4500
999 _c80459
_d80459
008 201207b ||||| |||| 00| 0 eng d
040 _bger
_cSTAFF
_erda
041 _ager
100 _aMichas, Uwe:
245 _aDas Fürstentum der Heveller/
_cUwe Michas
773 _dBerlin: Die Mark Brandenburg - Verlag für Regional- und Zeitgeschichte
_g(2020) Heft 117, S. 6-9: Abb.
_tDie Mark Brandenburg
942 _cA